Central Library OPAC University of Rajshahi

The philosophy of Whitehead / (Record no. 31808)

MARC details
000 -LEADER
fixed length control field 00805nam a2200253 a 4500
001 - CONTROL NUMBER
control field 31808
003 - CONTROL NUMBER IDENTIFIER
rucl marc code BD-RjUL
005 - DATE AND TIME OF LATEST TRANSACTION
control field 20211209051742.0
008 - FIXED-LENGTH DATA ELEMENTS--GENERAL INFORMATION
fixed length control field 140422s1959 enka 001 0 eng d
035 ## - SYSTEM CONTROL NUMBER
System control number CURL 020000280952(Edi) from rajwc170
-- (BD-RjUL)31896
System control number (OCoLC)374757
040 ## - CATALOGING SOURCE
Original cataloging agency WSU
Transcribing agency WSU
Modifying agency m.c
-- OCL
-- BD-RjUL
Language of cataloging eng
041 ## - LANGUAGE CODE
Language code of text/sound track or separate title eng
082 ## - DEWEY DECIMAL CLASSIFICATION NUMBER
Classification number 192
Author mark and year MAP 1959
100 1# - MAIN ENTRY--PERSONAL NAME
Personal name Mays, Wolfe
9 (RLIN) 96828
245 14 - TITLE STATEMENT
Title The philosophy of Whitehead /
Statement of responsibility, etc. by W. Mays.
260 ## - PUBLICATION, DISTRIBUTION, ETC. (IMPRINT)
Place of publication, distribution, etc. London :
Name of publisher, distributor, etc. Allen & Unwin,
Date of publication, distribution, etc. 1959.
300 ## - PHYSICAL DESCRIPTION
Pagination [4] 259 p. :
Illustrations ill. ;
Size 23 cm.
504 ## - BIBLIOGRAPHY, ETC. NOTE
Bibliography, etc Includes bibliographical footnotes and index.
600 10 - SUBJECT ADDED ENTRY--PERSONAL NAME
Personal name Whitehead, Alfred North,
Dates associated with a name 1861-1947.
650 #0 - SUBJECT ADDED ENTRY--TOPICAL TERM
Topical term or geographic name as entry element Mathematics
General subdivision Philosophy
9 (RLIN) 5282
830 #0 - SERIES ADDED ENTRY--UNIFORM TITLE
Uniform title Muirhead library of philosophy
942 ## - ADDED ENTRY ELEMENTS (KOHA)
Source of classification or shelving scheme Dewey Decimal Classification
Koha item type Books
Holdings
Lost status Source of classification or shelving scheme Damaged status Not for loan Collection code Permanent Location Current Location Shelving location Date acquired Source of acquisition Cost, normal purchase price Total Checkouts Full call number Date last seen Copy number Koha item type
  Dewey Decimal Classification     Non-fiction Central Library, University of Rajshahi Central Library, University of Rajshahi   19/01/1965 Zeitlinger 25.00   192 MAP 1959 22/04/2014 C-8 Books
  Dewey Decimal Classification     Non-fiction Central Library, University of Rajshahi Central Library, University of Rajshahi   19/01/1965 Zeitlinger 25.00   192 MAP 1959 22/04/2014 C-9 Books
  Dewey Decimal Classification     Non-fiction Central Library, University of Rajshahi Central Library, University of Rajshahi   20/05/1964 Zeitlinger 25.00   192 MAP 1959 22/04/2014 C-2 Books
  Dewey Decimal Classification     Non-fiction Central Library, University of Rajshahi Central Library, University of Rajshahi   20/05/1964 Zeitlinger 25.00   192 MAP 1959 22/04/2014 C-7 Books
  Dewey Decimal Classification     Non-fiction Central Library, University of Rajshahi Central Library, University of Rajshahi   11/06/1964 Zeitlinger 25.00   192 MAP 1959 24/04/2014 C-4 Books
  Dewey Decimal Classification     Non-fiction Central Library, University of Rajshahi Central Library, University of Rajshahi   11/06/1964 Zeitlinger 25.00   192 MAP 1959 24/04/2014 C-5 Books
  Dewey Decimal Classification     Non-fiction Central Library, University of Rajshahi Central Library, University of Rajshahi   01/06/2019 Zeitlinger 25.00   192 MAP 1959 24/04/2014 C-6 Books
  Dewey Decimal Classification     Non-fiction Central Library, University of Rajshahi Central Library, University of Rajshahi   19/01/1965 Zitlinger 25.00   192 MAP 1959 24/04/2014 C-3 Books
  Dewey Decimal Classification   Not For Loan Non-fiction Central Library, University of Rajshahi Central Library, University of Rajshahi Reading Room 19/01/1965 Zitlinger 25.00   192 MAP 1959 24/04/2014 C-1 Books
  Dewey Decimal Classification     Non-fiction Central Library, University of Rajshahi Central Library, University of Rajshahi   20/05/1964 Zeitlinger 25.00   192 MAP 1959 01/12/2016 C-10 Books